000 01285nam a22003617a 4500
003 CHAP
005 20220329134407.0
008 971013s1994 r 00010 d
010 _a19882
011 _a20854
035 _a24943
040 _cCHAP
090 _aTesis
100 0 0 _aOchoa Villanueva, Eugenio.
_982701
245 _aProyecto de rehabilitación de un vertisol ensalitrado,Distrito de Riego 092 Río Pánuco "Las ánimas" V. González Tamps.
260 _aChapingo, Méx. :
_bEl autor,
_c1994
300 _a175 h.
502 _aTesis (Ing. Agr. Esp. en Suelos) -- UACH. Departamento de Suelos
590 _aALEPH
_b10
_c20130110
_lUCH01
_h1243
590 _aBATCH-UPD
_b10
_c20130110
_lUCH01
_h1130
590 _aBATCH-UPD
_b10
_c20130410
_lUCH01
_h0719
590 _aBATCH-UPD
_b10
_c20130914
_lUCH01
_h1219
590 _aCONVERSION
_b10
_c20130109
_lUCH01
_h1312
650 1 4 _aDistrito de Riego Río Pánuco Las Animas, Tamps.
_932928
650 1 4 _aSuelos salinos.
_9110558
650 1 4 _aTierras
_xRecuperación de.
_9113120
650 1 4 _aVertisoles.
_9118971
901 _aBK
942 _cFOLL
949 _bBC
_cTES
_d-57543
_eTS1
_h26979
_i24943
_si
949 _bBC
_cTES
_d-57544
_eTS2
_fc.2
_h21269780
_i24943
_si
949 _bBC
_cTES
_d-57545
_eTS2
_fc.3
_h26981
_i24943
_si
999 _c19882
_d19882